Statystyki dla 10 największych miast w Libii

Kliknij tutaj aby rozwiązać quiz!

Ogólne statystyki

  • Ten quiz został rozwiązany 10 razy
  • Średni wynik to 2 z 10

Statystyki odpowiedzi

PopulacjaOdpowiedź% Poprawnych
2 220 tys.Trypolis
100%
1 001 tys.Bengazi
56%
350 tys.Misrata
22%
104 tys.Sabha
22%
185 tys.Adżdabija
11%
250 tys.Al-Bajda
11%
109 tys.Tobruk
11%
88 tys.Al-Chums
0%
234 tys.Az-Zawija
0%
200 tys.Zalitan
0%

Rozkład punktacji

Percentyl według liczby udzielonych odpowiedzi

Procent ludzi z każdym wynikiem

Twoja historia wyników

Nie rozwiązałeś tego quizu